[Event "Madrid-ch Seniors 50"]
[Site "Madrid"]
[Date "2022.03.28"]
[Round "1"]
[White "Carbo De Haya, Jaime"]
[Black "Marin Aso, Jose Luis"]
[Result "0-1"]
[WhiteElo "1156"]
[BlackElo "1834"]
[PlyCount "60"]
[EventDate "2022.03.28"]
[EventType "swiss"]
[EventRounds "9"]
[EventCountry "ESP"]
[SourceTitle "EXT 2023"]
[Source "ChessBase"]
[SourceDate "2022.10.05"]
[SourceVersion "1"]
[SourceVersionDate "2022.10.05"]
[SourceQuality "1"]

1. e4 c5 2. Nf3 e6 3. d4 cxd4 4. Nxd4 Nc6 5. Bb5 Nf6 6. Nc3 Qc7 7. 0-0 Be7 8. f4 Nxd4 9. Kh1 Nxb5 10. Nxb5 Qc6 11. Qe2 a6 12. Nc3 d5 13. exd5 Nxd5 14. Nxd5 Qxd5 15. b3 0-0 16. Bb2 b5 17. Rf3 Qf5 18. Rd1 Bb7 19. Rg3 Bf6 20. Bc1 Rfd8 21. Rf1 Rac8 22. c4 bxc4 23. bxc4 Rd4 24. c5 Rxc5 25. Be3 Rc2 26. Qe1 Ra4 27. Qb1 Rb2 28. Qd1 Raxa2 29. Qd7 Qb5 30. Rxg7+ Kxg7 0-1